Caballo de copas
Wedi'i Gadw mewn:
| Prif Awdur: | |
|---|---|
| Fformat: | Llyfr |
| Iaith: | Sbaeneg |
| Cyhoeddwyd: |
Santiago
Zig-Zag
1972
|
| Rhifyn: | 4a. ed |
| Cyfres: | Libros de Bolsillo Zig-Zag, 6
|
| Pynciau: | |
| Tagiau: |
Ychwanegu Tag
Dim Tagiau, Byddwch y cyntaf i dagio'r cofnod hwn!
|
MARC
| LEADER | 00000nam a2200000 a 4500 | ||
|---|---|---|---|
| 001 | UCX4321 | ||
| 003 | CL-VaPUC | ||
| 008 | 920413e19720000CL |||||||||||||||||spa|d | ||
| 082 | 0 | 4 | |a Ch863 |b ALE |2 21 |
| 100 | 0 | |a Alegría Alfaro, Fernando |e author |9 320462 | |
| 245 | 1 | 0 | |a Caballo de copas |
| 250 | |a 4a. ed | ||
| 300 | |a 226 p | ||
| 942 | |c BK | ||
| 945 | |d 19920413 00:00:00 | ||
| 260 | |a Santiago |b Zig-Zag |c 1972 | ||
| 650 | 0 | |a Novelas chilenas |9 265425 | |
| 583 | |a last modification |c 20190719 04:13:19 |k Rodrigo Vera | ||
| 490 | 0 | |a Libros de Bolsillo Zig-Zag, 6 | |
| 999 | |c 224809 |d 224807 | ||
| 952 | |0 0 |1 0 |4 0 |6 CH_863_000000000000000_ALE_1972 |7 0 |8 A |9 221787 |a BIBEDU |b BIBEDU |d 2019-11-15 |i 2906562 |o Ch863 ALE 1972 |p 2906562 |r 2019-11-15 |w 2019-11-15 |y BK |k LIT | ||